Novelas de acción / (Record no. 133914)

MARC details
000 -LEADER
campo de control de longitud fija 00748nam a2200217 i 4500
001 - NÚMERO DE CONTROL
campo de control 133914
003 - IDENTIFICADOR DE NÚMERO DE CONTROL
campo de control ES-MaACL
005 - FECHA Y HORA DE LA ÚLTIMA TRANSACCIÓN
campo de control 20231229062546.0
007 - CAMPO FIJO DE DESCRIPCIÓN FÍSICA--INFORMACIÓN GENERAL
campo de control de longitud fija t|
008 - DATOS DE LONGITUD FIJA--INFORMACIÓN GENERAL
campo de control de longitud fija 070903s1959 sp ||||1| spa d
100 1# - ENTRADA PRINCIPAL--NOMBRE DE PERSONA
Nombre de persona Wallace, Edgar.
9 (RLIN) 115946
245 10 - MENCIÓN DEL TÍTULO
Título Novelas de acción /
Mención de responsabilidad, etc. Edgar Wallace ; introducción de F. S. R.
260 ## - PUBLICACIÓN, DISTRIBUCIÓN, ETC.
Lugar de publicación, distribución, etc. Madrid :
Nombre del editor, distribuidor, etc. Aguilar,
Fecha de publicación, distribución, etc. 1959.
300 ## - DESCRIPCIÓN FÍSICA
Extensión 1138 p. :
Otras características físicas 1 retr. autor ;
Dimensiones 18 cm.
490 1# - MENCIÓN DE SERIE
Mención de serie El lince astuto
505 8# - NOTA DE CONTENIDO CON FORMATO
Nota de contenido con formato La esmeralda cuadrada ; Penélope del "Polyantha" ; ¡Ya lo veremos! ; Los dos ases ; El falsificador
700 1# - ENTRADA AGREGADA--NOMBRE PERSONAL
Nombre de persona Sainz de Robles, Federico Carlos,
Fechas asociadas al nombre 1898-1982
9 (RLIN) 101593
830 0# - PUNTO DE ACCESO ADICIONAL DE SERIE-TÍTULO UNIFORME
Título uniforme El lince astuto
9 (RLIN) 186549
852 ## - LOCALIZACIÓN
Ubicación ES-MaACL
Número de control de estantería P-785 (3)
Sublocalización o colección R.41224
Holdings
Estatus retirado Estado de pérdida Estado de daño No para préstamo Biblioteca de origen Biblioteca actual Ubicación en estantería Fecha de adquisición Fuente de adquisición Total de préstamos Signatura topográfica completa Código de barras Visto por última vez Precio de reemplazo Tipo de ítem Koha
        Biblioteca del Ateneo de Madrid Biblioteca del Ateneo de Madrid Depósito 2 17/01/2008     P-785 (3) 1139397 23/02/2023 23/02/2023 Libro impreso